[Event "Biella op 3rd"]
[Site "Biella"]
[Date "2012.09.30"]
[Round "5"]
[White "Cossar, Claudio"]
[Black "Razzano, Lorenzo"]
[Result "1/2-1/2"]
[WhiteElo "2081"]
[BlackElo "1962"]
[PlyCount "100"]
[EventDate "2012.09.28"]
[EventType "swiss"]
[EventRounds "9"]
[EventCountry "ITA"]
[SourceTitle "EXT 2013"]
[Source "ChessBase"]
[SourceDate "2012.11.22"]
[SourceVersion "1"]
[SourceVersionDate "2012.11.22"]
[SourceQuality "1"]

1. f4 g6 2. Nf3 Bg7 3. g3 d6 4. d3 c6 5. Nc3 Bg4 6. Bg2 Bxf3 7. Bxf3 e6 8. e4 d5 9. e5 h5 10. d4 Nh6 11. Be3 Nf5 12. Bf2 Na6 13. Be2 Qb6 14. a3 Ke7 15. b4 h4 16. g4 Ng3 17. Na4 Qc7 18. Rg1 Ne4 19. Bxa6 bxa6 20. Qd3 Qb7 21. c4 a5 22. Rb1 Rab8 23. Nc3 Nxc3 24. Qxc3 axb4 25. Rxb4 Qc7 26. cxd5 exd5 27. f5 gxf5 28. gxf5 Bf8 29. Ke2 Kd7 30. Rxb8 Qxb8 31. Rc1 Qb5+ 32. Ke1 Bh6 33. e6+ fxe6 34. fxe6+ Kd6 35. Qc5+ Qxc5 36. Rxc5 Re8 37. Bxh4 Rxe6+ 38. Kd1 Be3 39. Bg3+ Kd7 40. Ra5 Bxd4 41. Ra4 Bb6 42. Rg4 c5 43. h4 Rh6 44. Rg5 Ke6 45. Re5+ Kf7 46. Rxd5 Rf6 47. Ke2 Re6+ 48. Kd3 c4+ 49. Kxc4 Re3 50. Bd6 Re4+ 1/2-1/2

[Event "Biella op-A 2nd"]
[Site "Biella"]
[Date "2011.09.26"]
[Round "5"]
[White "Angelini, Marco"]
[Black "Cossar, Claudio"]
[Result "1/2-1/2"]
[WhiteElo "2200"]
[BlackElo "2062"]
[PlyCount "75"]
[EventDate "2011.09.23"]
[EventType "swiss"]
[EventRounds "5"]
[EventCountry "ITA"]
[SourceTitle "CBM 144 Extra"]
[Source "ChessBase"]
[SourceDate "2011.10.28"]
[SourceVersion "1"]
[SourceVersionDate "2011.10.28"]
[SourceQuality "1"]

1. e4 d5 2. exd5 Qxd5 3. Nc3 Qa5 4. d4 e5 5. dxe5 Nc6 6. f4 Bb4 7. Bd2 Bf5 8. Nf3 0-0-0 9. Bd3 Bxd3 10. cxd3 Rxd3 11. Qe2 Rd7 12. 0-0 Nge7 13. a3 Bxc3 14. Bxc3 Qb6+ 15. Kh1 Nf5 16. e6 fxe6 17. Qxe6 Ncd4 18. Nxd4 Nxd4 19. Qh3 Rhd8 20. Qxh7 g6 21. Qh3 Nf5 22. Rae1 Rd3 23. Rf3 Rd1 24. Rff1 R1d3 25. Qg4 Kb8 26. Rd1 Qc6 27. Rxd3 Rxd3 28. Re1 b6 29. Qe2 Re3 30. Qd2 Qe4 31. Rg1 Re2 32. Qd8+ Kb7 33. Qg5 Ne3 34. Qg3 Nd5 35. Be5 Re3 36. Qf2 g5 37. Rf1 gxf4 38. Bg7 1/2-1/2

[Event "Biella op-A 2nd"]
[Site "Biella"]
[Date "2011.09.24"]
[Round "2"]
[White "Cossar, Claudio"]
[Black "Valsecchi, Alessio"]
[Result "0-1"]
[WhiteElo "2062"]
[BlackElo "2338"]
[PlyCount "78"]
[EventDate "2011.09.23"]
[EventType "swiss"]
[EventRounds "5"]
[EventCountry "ITA"]
[SourceTitle "CBM 144 Extra"]
[Source "ChessBase"]
[SourceDate "2011.10.28"]
[SourceVersion "1"]
[SourceVersionDate "2011.10.28"]
[SourceQuality "1"]

1. f4 g6 2. Nf3 Bg7 3. d3 d5 4. g3 c6 5. Bg2 Qb6 6. c3 Nh6 7. Qb3 Nd7 8. Qxb6 axb6 9. 0-0 Nc5 10. Na3 0-0 11. Bd2 Na4 12. Bc1 Rd8 13. h3 Nf5 14. g4 Nd6 15. Re1 b5 16. d4 Bd7 17. Ne5 Be8 18. e4 dxe4 19. Bxe4 Nxe4 20. Rxe4 c5 21. Nc2 b4 22. cxb4 f5 23. Re1 cxd4 24. Rd1 fxg4 25. hxg4 Bxe5 26. fxe5 d3 27. Na3 Rd4 28. Rd2 Rxg4+ 29. Rg2 Rxb4 30. b3 Nc5 31. Nc4 Nxb3 32. Rb1 Rxc4 33. axb3 Re4 34. Bh6 Rxe5 35. Rf1 Bd7 36. Ra2 Rd8 37. Raf2 Bf5 38. Rd2 Rb5 39. Rg2 Bh3 0-1